| 000 | 03011nam a2200445 i 4500 | ||
|---|---|---|---|
| 003 | DO-SdBPM | ||
| 005 | 20251121131429.0 | ||
| 006 | a||||gr|||| 00| 0 | ||
| 007 | ta | ||
| 008 | 230518e2001 dr ad gr|||| 001 e spa d | ||
| 020 | _a9993433462 | ||
| 040 |
_aDO-SdBPM _bspa _cBPMSU _erda _d |
||
| 082 | 4 |
_a338.98 _bA791p 2002 _222 |
|
| 111 | 1 |
_aArticulación de las políticas económicas y sociales _n(1: _d2001: _cJuan Dolio, República Dominicana) |
|
| 245 | 1 | 0 |
_aArticulación de las políticas económicas y sociales. / _ceditor Jafrey Lizardo, |
| 264 | 3 | 1 |
_aSanto Domingo : _b Instituto Interamericano de Desarrollo, (BID); _bInstituto Tecnológico de Santo Domingo, _c2002 |
| 300 |
_a232 páginas : _bilustraciones, gráficos ; _c23 cm |
||
| 336 |
_2rdaconten _atexto _btxt |
||
| 337 |
_2rdamedia _asin medición _bn |
||
| 338 |
_2rdacarreir _avolumen _bnc |
||
| 500 | _aIncluye referencias bibliográficas y notas al pie de las páginas | ||
| 505 | 0 | _aDistribución del ingreso y reducción de la pobreza en América Latina después de una década de globalización / Samuel A. Morley 13 -- Liberación económica en una economía dual: Micro simulaciones del efecto de los cambios en el mercado de trabajo sobre la distribución del ingreso y pobreza en Paraguay / José R. Molinas Vega 53 -- Patrones de integración a la economía global: ¿qué comercializa América Latina? ¿qué hacen sus trabajadores? El caso de la República Dominicana / Magdalena Lizardo; Rolando M. Guzmán 85 -- Políticas económicas y sociales para combatir la pobreza en República Dominicana / Jaime Aristy Escuder 151 -- Políticas económicas y sociales para combatir la pobreza en la República Dominicana / Ricardo González; Xiomara García 159 -- Políticas económicas y sociales para combatir la pobreza en la República Dominicana / Rafael Espinal 169 -- Alternativas para lograr una efectiva articulación de políticas económicas y sociales / Isidoro Santana 177 -- Alternativas para lograr una efectiva articulación de políticas económicas y sociales / Marina Ortíz 193 -- Del diseño a la ejecución : restricciones para el éxito de las políticas / José L. Alemán, sí 209 -- Del diseño a la ejecución : restricciones para el éxito de las políticas / Rafael Toribio 215 | |
| 590 | _aInventariado 2025 / VM | ||
| 650 | _a | ||
| 651 | 7 |
_aAmérica Latina _xAspectos económicos |
|
| 651 | 7 |
_a América Latina _x Política social |
|
| 700 | 1 |
_a Lizardo, Jafrey _eeditor |
|
| 710 | 2 | _aInstituto Interamericano de Desarrollo Social (República Dominicana). | |
| 710 | 2 | _aBanco Interamericano de Desarrollo | |
| 710 | 2 | _aInstituto Tecnológico de Santo Domingo | |
| 710 | z | _aBID | |
| 710 | z | _aIDB | |
| 710 | z | _a Banco Interamericano de Desenvolvimento | |
| 710 | z | _aBanque Interaméricaine de Développement | |
| 710 | z | _aINTEC | |
| 710 | z | _aI.N.T.E.C. | |
| 710 | z | _aInstituto Tecnológico Santo Domingo | |
| 910 | _aVMateo V. Control de calidad. BPMSU | ||
| 942 |
_2ddc _cBK |
||
| 999 |
_c15540 _d15540 |
||